| 000 | 00877nab a2200265 u 4500 | ||
|---|---|---|---|
| 001 | 21684 | ||
| 003 | HDC | ||
| 007 | cr bn ---aaaaa | ||
| 008 | 210309c20070731xx dr|noo 0 a eng d | ||
| 040 | _aHDC | ||
| 100 |
_aPatton,Dominique _eauthor _919095 |
||
| 245 | 0 |
_aWhy a Halal label is critical for major exporters / by _cDominique Patton |
|
| 260 |
_a[No place] : _b[publisher not identified], _c2007 |
||
| 300 | _a1 online resource | ||
| 336 |
_atext _2rdacontent |
||
| 337 |
_acomputer _2rdamedia |
||
| 338 |
_aonline resource _2rdacarrier |
||
| 650 |
_ahalal food _950 |
||
| 650 |
_aHalal label _9985 |
||
| 710 | _aHalal Focus | ||
| 856 | _zRequest full-text at [email protected] | ||
| 942 | _2lcc | ||
| 942 | _cNEWS | ||
| 942 | _kNWSO 006595 | ||
| 999 |
_c19000 _d19000 |
||